| 000 | 00403nam a22001337a 4500 | ||
|---|---|---|---|
| 082 | _a937.06 MOT'M | ||
| 100 |
_aDEE, HAROLD M,MOTT, GEORGE FOX _957717 |
||
| 245 | _aMIDDLE AGES AN OUTLINES HISTORY FROM THE DECLINE OF THE ROMAN EMPIRE THROUGH THE REFORMATION | ||
| 250 | _a4TH | ||
| 260 |
_aNEWYORK _bBARNESS & NOBLE _c1957 |
||
| 300 | _a272P | ||
| 650 |
_aCOLLEGE OUTLINES SERIES _957718 |
||
| 942 | _cBK | ||
| 999 |
_c567988 _d567988 |
||